[Event "4NCL Online Division 7"]
[Site "online"]
[Date "2021.01.26"]
[Round "1.54"]
[White "Hill, Granville"]
[Black "Rida, Ruqayyah"]
[Result "0-1"]
[WhiteElo "1425"]
[BlackElo "1574"]
[PlyCount "64"]
[EventDate "2021.01.26"]
[WhiteTeam "Harborough Cuatro 2"]
[BlackTeam "Colchester JFF A"]

1. e4 e5 2. Nf3 Nc6 3. Bc4 Bc5 4. O-O Nf6 5. d4 Bxd4 6. Nxd4 Nxd4 7. f4 Nc6 8.
Nc3 d6 9. fxe5 Nxe5 10. Bg5 Nxc4 11. e5 dxe5 12. Qf3 Nd2 13. Bxd2 Qxd2 14. Rf2
Qd4 15. Nb5 Qc5 16. Nc3 Qe7 17. Re1 O-O 18. h3 c6 19. Qg3 Be6 20. Rxe5 Qd6 21.
Rxf6 Kh8 22. Rf3 f6 23. Ree3 Qxg3 24. Rxg3 Rfe8 25. b3 Rad8 26. Re4 Bf5 27.
Rxe8+ Rxe8 28. Na4 Bxc2 29. Nc5 b6 30. Na4 g6 31. Rc3 Be4 32. Rc4 b5 0-1

[Event "4NCL Online Division 7"]
[Site "online"]
[Date "2021.01.26"]
[Round "1.61"]
[White "Wang, Luoke"]
[Black "Pink, Joshua"]
[Result "0-1"]
[WhiteElo "1446"]
[BlackElo "1990"]
[PlyCount "138"]
[EventDate "2021.01.26"]
[WhiteTeam "Redbridge All Sorts 4"]
[BlackTeam "Throw in the Tal"]

1. d4 Nf6 2. c4 c5 3. d5 e6 4. Nc3 exd5 5. cxd5 d6 6. g3 g6 7. Bg2 Bg7 8. Nf3
O-O 9. O-O Re8 10. Re1 Nbd7 11. Qc2 a6 12. Bd2 b5 13. e4 c4 14. Nd4 Nc5 15. Nc6
Qc7 16. b3 Bd7 17. bxc4 Bxc6 18. dxc6 bxc4 19. Rab1 Nd3 20. Re2 Ne5 21. Nd5
Qxc6 22. Nxf6+ Bxf6 23. f4 Ng4 24. Rbe1 Qc5+ 25. Kh1 Bd4 26. h3 Nf2+ 27. Kh2
Rab8 28. Bc3 Nd3 29. Rd1 Bxc3 30. Qxc3 Rbc8 31. Red2 Nf2 32. Re1 Nd3 33. Red1
Rc7 34. Qc2 Rce7 35. Bf1 Rxe4 36. Bxd3 cxd3 37. Qxc5 dxc5 38. Rxd3 Re2+ 39. Kg1
Rxa2 40. R3d2 Rxd2 41. Rxd2 Rc8 42. Ra2 Rc6 43. Kf2 c4 44. Ke2 c3 45. Rc2 h5
46. Kd3 Kg7 47. Rxc3 Rxc3+ 48. Kxc3 Kf6 49. Kb4 Kf5 50. Ka5 h4 51. gxh4 Kxf4
52. Kxa6 Kg3 53. h5 gxh5 54. h4 f5 55. Kb5 f4 56. Kc4 f3 57. Kd3 f2 58. Ke2 Kg2
59. Ke3 f1=Q 60. Kd4 Qe2 61. Kc5 Qd3 62. Kb4 Qc2 63. Kb5 Kf3 64. Kb4 Ke4 65.
Kb5 Kd5 66. Kb6 Qc6+ 67. Ka7 Qb5 68. Ka8 Kc6 69. Ka7 Qb7# 0-1

[Event "4NCL Online Division 7"]
[Site "online"]
[Date "2021.01.26"]
[Round "1.62"]
[White "Griffiths, Gareth N R"]
[Black "White, Nigel"]
[Result "1/2-1/2"]
[WhiteElo "1786"]
[BlackElo "1414"]
[PlyCount "105"]
[EventDate "2021.01.26"]
[WhiteTeam "Throw in the Tal"]
[BlackTeam "Redbridge All Sorts 4"]

1. e4 c5 2. c3 d5 3. exd5 Qxd5 4. Nf3 Nf6 5. Na3 a6 6. Nc4 Qd8 7. d4 e6 8. Be3
cxd4 9. Qxd4 Qxd4 10. Bxd4 Nd5 11. Bd3 Nc6 12. Nb6 Nxb6 13. Bxb6 Be7 14. O-O-O
O-O 15. h4 h6 16. g4 f6 17. Bc4 Kh8 18. g5 fxg5 19. Nxg5 hxg5 20. hxg5+ Kg8 21.
g6 Bg5+ 22. Kb1 Bh6 23. Rd6 Rf6 24. Bd3 Ne5 25. Rd8+ Rf8 26. Rxf8+ Kxf8 27. Bc2
Bd7 28. f4 Ng4 29. Bc5+ Ke8 30. f5 exf5 31. Re1+ Kd8 32. Bb6+ Kc8 33. Re7 Nf6
34. Bb3 Ne8 35. Bf7 Nc7 36. Kc2 Bg5 37. Re1 Kd8 38. Kd3 Rc8 39. Rg1 Bf6 40. Re1
Bc6 41. Be6 Ra8 42. Bxf5 Bd7 43. Be4 Bc6 44. Bf5 Bd7 45. Be4 Bc8 46. Rh1 Kd7
47. Rh8 Ne6 48. Bf5 Kd6 49. Ke4 Ng5+ 50. Kf4 Ne6+ 51. Ke4 Ng5+ 52. Kf4 Ne6+ 53.
Ke4 1/2-1/2

[Event "4NCL Online Division 7"]
[Site "online"]
[Date "2021.01.26"]
[Round "1.63"]
[White "Segat, Davide"]
[Black "Woolgar, Steven G"]
[Result "0-1"]
[WhiteElo "1292"]
[BlackElo "1636"]
[PlyCount "76"]
[EventDate "2021.01.26"]
[WhiteTeam "Redbridge All Sorts 4"]
[BlackTeam "Throw in the Tal"]

1. d4 Nf6 2. Bf4 g6 3. Nf3 Bg7 4. e3 d5 5. c4 c6 6. Nc3 O-O 7. c5 Bg4 8. Be2
Nbd7 9. O-O Ne4 10. Nd2 Bxe2 11. Qxe2 Nxd2 12. Qxd2 e5 13. Bg3 Re8 14. b4 exd4
15. exd4 b5 16. Bf4 Qf6 17. Ne2 Rxe2 18. Qxe2 Qxf4 19. g3 Qxd4 20. Qe7 Qg4 21.
Rab1 Ne5 22. Qb7 Qc8 23. Qe7 Nf3+ 24. Kg2 Nd2 25. f4 Nxb1 26. Rxb1 a5 27. a3
axb4 28. axb4 Ra2+ 29. Kh1 Ra1 30. Rxa1 Bxa1 31. Qe1 Bf6 32. h4 Qa8 33. Kh2 Kg7
34. Kh3 h5 35. Qe3 Qc8+ 36. Kg2 Qf5 37. Qb3 Qe4+ 38. Kh3 Qh1# 0-1

[Event "4NCL Online Division 7"]
[Site "online"]
[Date "2021.01.26"]
[Round "1.64"]
[White "Hayes, Solomon"]
[Black "Toogood, Peter R"]
[Result "1-0"]
[WhiteElo "1454"]
[BlackElo "1214"]
[PlyCount "49"]
[EventDate "2021.01.26"]
[WhiteTeam "Throw in the Tal"]
[BlackTeam "Redbridge All Sorts 4"]

1. e4 c6 2. d4 d5 3. e5 Bf5 4. Nf3 e6 5. Be2 Qc7 6. O-O Be7 7. Nbd2 Nd7 8. c4
Nh6 9. h3 Be4 10. Nxe4 dxe4 11. Ng5 O-O-O 12. Qa4 a6 13. Nxe4 Nb6 14. Qd1 Nf5
15. Be3 h6 16. c5 Nd5 17. Nd6+ Bxd6 18. cxd6 Qb6 19. Qb3 Qxb3 20. axb3 b5 21.
Rxa6 Kb7 22. Rfa1 Ra8 23. Rxa8 Rxa8 24. Rxa8 Kxa8 25. d7 1-0

[Event "4NCL Online Division 7"]
[Site "online"]
[Date "2021.01.26"]
[Round "1.71"]
[White "Even, Philipp"]
[Black "Catabay, Mae Katelyn Rose"]
[Result "1-0"]
[WhiteElo "2028"]
[BlackElo "1565"]
[PlyCount "63"]
[EventDate "2021.01.26"]
[WhiteTeam "Londinium Centurions"]
[BlackTeam "Colchester JFF B"]

1. e4 c5 2. Nf3 Nc6 3. d4 cxd4 4. Nxd4 Nf6 5. Nc3 d6 6. Be2 e5 7. Nb3 Be7 8.
Be3 Be6 9. Qd2 O-O 10. h3 a6 11. g4 b5 12. g5 Ne8 13. Nd5 Nc7 14. O-O-O Bxd5
15. exd5 Nb8 16. Kb1 f5 17. gxf6 Bxf6 18. Rhg1 Nd7 19. Rg4 Rb8 20. Na5 Qe8 21.
Rdg1 Nb6 22. Bf3 Kh8 23. Qd3 Qf7 24. Rd1 Rfe8 25. Be4 g6 26. Bxg6 hxg6 27. Rxg6
Nbxd5 28. Rh6+ Kg8 29. Rg1+ Kf8 30. Rh7 Bg7 31. Bh6 Ne6 32. Qxd5 1-0

[Event "4NCL Online Division 7"]
[Site "online"]
[Date "2021.01.26"]
[Round "1.72"]
[White "Kanellopoulos, Nikolas"]
[Black "Kafetzopoulos, Anastasis"]
[Result "0-1"]
[WhiteElo "1531"]
[BlackElo "2071"]
[PlyCount "40"]
[EventDate "2021.01.26"]
[WhiteTeam "Colchester JFF B"]
[BlackTeam "Londinium Centurions"]

1. e4 c5 2. Nc3 Nc6 3. g3 g6 4. Bg2 Bg7 5. Nge2 d6 6. d3 e6 7. O-O Nge7 8. Nf4
O-O 9. Re1 Rb8 10. a3 b5 11. Qe2 a5 12. Rb1 b4 13. axb4 axb4 14. Nd1 Nd4 15.
Qd2 Bh6 16. c3 bxc3 17. Qxc3 Rb3 18. Qc4 Qa5 19. Rf1 Ba6 20. Bd2 Qb6 0-1

[Event "4NCL Online Division 7"]
[Site "online"]
[Date "2021.01.26"]
[Round "1.73"]
[White "Shah, Meeth"]
[Black "Chung, Vince"]
[Result "0-1"]
[WhiteElo "1780"]
[BlackElo "1495"]
[PlyCount "68"]
[EventDate "2021.01.26"]
[WhiteTeam "Londinium Centurions"]
[BlackTeam "Colchester JFF B"]

1. e4 g6 2. Nc3 Bg7 3. Nf3 h6 4. d4 e6 5. Be3 Ne7 6. Bc4 d6 7. O-O Nd7 8. Qd2
b6 9. Rad1 Bb7 10. Rfe1 a6 11. a4 Kf8 12. e5 d5 13. Bd3 Kg8 14. Ne2 Kh7 15. h3
c5 16. c3 c4 17. Bc2 b5 18. axb5 axb5 19. Nh2 Nc6 20. Ng4 h5 21. Nf6+ Nxf6 22.
exf6 Bxf6 23. Ng3 Bg7 24. Qe2 b4 25. Qxh5+ Kg8 26. Qf3 bxc3 27. bxc3 Ra3 28.
Bd2 Nxd4 29. Qf4 Nxc2 30. Rc1 Nxe1 31. Rxe1 e5 32. Qf3 Qc7 33. Bg5 d4 34. Bf6
Bxf3 0-1

[Event "4NCL Online Division 7"]
[Site "online"]
[Date "2021.01.26"]
[Round "1.74"]
[White "Catabay, Rezin C"]
[Black "Padovan, Rodolfo"]
[Result "1-0"]
[WhiteElo "1306"]
[BlackElo "1765"]
[PlyCount "65"]
[EventDate "2021.01.26"]
[WhiteTeam "Colchester JFF B"]
[BlackTeam "Londinium Centurions"]

1. e4 c5 2. Nc3 Nc6 3. f4 d6 4. Nf3 Nf6 5. Bc4 e6 6. O-O Be7 7. d4 cxd4 8. Nxd4
Bd7 9. Kh1 O-O 10. Ndb5 Qb8 11. e5 dxe5 12. fxe5 Nxe5 13. Bf4 Bxb5 14. Bxb5 a6
15. Bd3 Rd8 16. Qe1 Bd6 17. Bxe5 Bxe5 18. Qh4 Rd4 19. Qh3 b5 20. Rae1 b4 21.
Ne4 Nxe4 22. Bxe4 Ra7 23. Qxh7+ Kf8 24. Bg6 f6 25. Rxe5 Qxe5 26. Qh8+ Ke7 27.
Qxg7+ Kd6 28. Qxa7 Qe2 29. Qxd4+ Ke7 30. Qxf6+ Kd6 31. Qd4+ Ke7 32. Rf7+ Ke8
33. Qh8# 1-0

[Event "4NCL Online Division 7"]
[Site "online"]
[Date "2021.01.26"]
[Round "1.81"]
[White "Thompson, Richard G"]
[Black "Watt, David A"]
[Result "0-1"]
[WhiteElo "1468"]
[BlackElo "1921"]
[PlyCount "56"]
[EventDate "2021.01.26"]
[WhiteTeam "Shropshire 6"]
[BlackTeam "Bearsden Grizzlies"]

1. c4 c5 2. Nc3 Nc6 3. e3 Nf6 4. d4 cxd4 5. exd4 d5 6. Nf3 Bg4 7. cxd5 Nxd5 8.
Be3 e6 9. Be2 Bb4 10. Bd2 Bxf3 11. Bxf3 Nxd4 12. Nxd5 Nxf3+ 13. Qxf3 Bxd2+ 14.
Kxd2 Qxd5+ 15. Qxd5 exd5 16. Kd3 Kd7 17. f4 Rhe8 18. Rhe1 Rac8 19. Rxe8 Rxe8
20. g3 b6 21. b4 Re4 22. a3 a6 23. Rc1 h5 24. Rc2 h4 25. Re2 Rxe2 26. Kxe2 hxg3
27. hxg3 Kc6 28. Kd3 Kb5 0-1

[Event "4NCL Online Division 7"]
[Site "online"]
[Date "2021.01.26"]
[Round "1.82"]
[White "D Alessio, Marco"]
[Black "Bonner, Dennis M"]
[Result "0-1"]
[WhiteElo "1788"]
[BlackElo "1495"]
[PlyCount "68"]
[EventDate "2021.01.26"]
[WhiteTeam "Bearsden Grizzlies"]
[BlackTeam "Shropshire 6"]

1. d4 Nf6 2. Bf4 g6 3. Nc3 d5 4. e3 Bg7 5. Be2 O-O 6. Nb5 Na6 7. a4 c6 8. Nc3
b6 9. Nf3 c5 10. Nb5 Bb7 11. Ne5 Nd7 12. Nxd7 Qxd7 13. h4 Nb4 14. c3 Nc6 15. h5
e5 16. dxe5 Nxe5 17. hxg6 fxg6 18. Qc2 a6 19. Na3 Bc6 20. b3 b5 21. O-O-O bxa4
22. Bh6 axb3 23. Qd2 Rxf2 24. e4 d4 25. Nc4 d3 26. Nxe5 Bxe5 27. Qxd3 Qxd3 28.
Bxd3 Bb5 29. c4 b2+ 30. Kb1 Ba4 31. Rd2 Rxd2 32. Bxd2 Rd8 33. Rh3 Bc6 34. Ba5
Rxd3 0-1

[Event "4NCL Online Division 7"]
[Site "online"]
[Date "2021.01.26"]
[Round "1.83"]
[White "Purser, Anthony"]
[Black "Callison, S."]
[Result "1-0"]
[WhiteElo "1443"]
[BlackElo "1689"]
[PlyCount "69"]
[EventDate "2021.01.26"]
[WhiteTeam "Shropshire 6"]
[BlackTeam "Bearsden Grizzlies"]

1. d4 Nf6 2. c4 e6 3. Nc3 Bb4 4. e3 d5 5. Bd3 O-O 6. a3 Bxc3+ 7. bxc3 dxc4 8.
Bxc4 Nbd7 9. Nf3 b6 10. O-O Bb7 11. Qe2 Ne4 12. Bd3 f5 13. Bb2 Qe7 14. Nd2 Ndf6
15. f3 Nxd2 16. Qxd2 Kh8 17. Rae1 Nh5 18. c4 Qg5 19. Qc2 Rae8 20. e4 Nf4 21.
Bc1 fxe4 22. Bxe4 Bxe4 23. Rxe4 Nh3+ 24. Kh1 Qf5 25. gxh3 Qxh3 26. Qg2 Qh5 27.
Bb2 Re7 28. d5 e5 29. f4 Qf5 30. Rxe5 Rxe5 31. Bxe5 Rf7 32. Re1 h6 33. Rg1 Qd7
34. Qg6 c6 35. Qxh6+ 1-0

[Event "4NCL Online Division 7"]
[Site "online"]
[Date "2021.01.26"]
[Round "1.84"]
[White "Kerridge, Simon"]
[Black "Casewell, John M"]
[Result "0-1"]
[WhiteElo "1543"]
[BlackElo "1305"]
[PlyCount "66"]
[EventDate "2021.01.26"]
[WhiteTeam "Bearsden Grizzlies"]
[BlackTeam "Shropshire 6"]

1. d4 f5 2. Bg5 h6 3. Bc1 Nf6 4. e3 e6 5. Bd3 b6 6. Qf3 Nc6 7. c3 Bb7 8. Qg3 g5
9. f3 Bd6 10. Qf2 Qe7 11. Nd2 Qg7 12. Nc4 Be7 13. b3 O-O-O 14. Ba3 Bxa3 15.
Nxa3 e5 16. dxe5 Nxe5 17. Bxf5 Qf8 18. Nc2 Ne8 19. g4 Nd6 20. O-O-O Nxf5 21.
gxf5 Qxf5 22. Ne1 g4 23. Ng2 Nd3+ 24. Rxd3 Qxd3 25. Qd2 Qxd2+ 26. Kxd2 gxf3 27.
Nf4 f2 28. Ngh3 Bxh1 29. Nxf2 Bf3 30. Ng6 Rhe8 31. Nh4 Be4 32. Ng4 h5 33. Nf6
Re6 0-1

[Event "4NCL Online Division 7"]
[Site "online"]
[Date "2021.01.26"]
[Round "1.91"]
[White "Lane, John"]
[Black "Cummins, Harry"]
[Result "1-0"]
[WhiteElo "1850"]
[BlackElo "1422"]
[PlyCount "59"]
[EventDate "2021.01.26"]
[WhiteTeam "Dun Laoghaire"]
[BlackTeam "RCSI Team 2"]

1. d4 Nf6 2. Nc3 e6 3. Bf4 Bb4 4. e3 Ne4 5. Nge2 d5 6. a3 Bxc3+ 7. Nxc3 Nxc3 8.
bxc3 a6 9. c4 b6 10. Bd3 Nd7 11. cxd5 exd5 12. Qg4 g6 13. Qg3 c5 14. Bd6 c4 15.
Be2 b5 16. O-O Qf6 17. Bg4 Nb6 18. Bxc8 Nxc8 19. Be5 Qf5 20. Bxh8 f6 21. Qf4
Ne7 22. Qxf5 Nxf5 23. Bxf6 Kf7 24. Be5 Ke6 25. Rfb1 Ne7 26. a4 Nc6 27. axb5
Nxe5 28. dxe5 Kxe5 29. bxa6 Ra7 30. Rb7 1-0

[Event "4NCL Online Division 7"]
[Site "online"]
[Date "2021.01.26"]
[Round "1.92"]
[White "Dykes, Amy"]
[Black "O'Connell, David"]
[Result "1-0"]
[WhiteElo "1366"]
[BlackElo "1810"]
[PlyCount "79"]
[EventDate "2021.01.26"]
[WhiteTeam "RCSI Team 2"]
[BlackTeam "Dun Laoghaire"]

1. e4 e5 2. Nf3 Nc6 3. d4 d6 4. Bb5 Bd7 5. Nc3 Nf6 6. Bg5 h6 7. Be3 a6 8. Bxc6
Bxc6 9. d5 Bb5 10. Nxb5 axb5 11. Qd3 c6 12. Nd2 Ng4 13. O-O Nxe3 14. fxe3 Be7
15. a3 O-O 16. Rf3 b4 17. a4 Ra5 18. b3 Bg5 19. Nc4 Rc5 20. a5 Qe7 21. Rg3 cxd5
22. exd5 e4 23. Qd2 Qf6 24. Rf1 Qc3 25. Qxc3 bxc3 26. Rd1 Ra8 27. h4 Bxh4 28.
Rg4 g5 29. Rxe4 b6 30. b4 Rb5 31. Nxb6 Ra6 32. Rd3 f5 33. Rc4 Rbxb6 34. axb6
Rxb6 35. Rdxc3 Kg7 36. Rb3 Kf6 37. Rc6 Rb5 38. c4 Rb7 39. Rxd6+ Ke5 40. Re6#
1-0

[Event "4NCL Online Division 7"]
[Site "online"]
[Date "2021.01.26"]
[Round "1.93"]
[White "Lohan, Martin"]
[Black "O'Keefe, Sarah"]
[Result "1-0"]
[WhiteElo "1802"]
[BlackElo "1258"]
[PlyCount "93"]
[EventDate "2021.01.26"]
[WhiteTeam "Dun Laoghaire"]
[BlackTeam "RCSI Team 2"]

1. e4 d6 2. Nf3 e5 3. Nc3 Nf6 4. Bc4 Be7 5. d3 h6 6. O-O Nbd7 7. Re1 Nf8 8. h3
g5 9. Ne2 Ng6 10. Ng3 g4 11. hxg4 Bxg4 12. Qd2 Bxf3 13. gxf3 Nf4 14. Qc3 N6h5
15. d4 Bf6 16. d5 Qd7 17. Bf1 Nh3+ 18. Kh2 N3f4 19. Nxh5 Nxh5 20. Bh3 Qe7 21.
Rg1 Bg5 22. Qb3 Rb8 23. Be3 Bf4+ 24. Kh1 Qh4 25. Kg2 Rg8+ 26. Bg4 Nf6 27. Kf1
Nxg4 28. Bxa7 Nh2+ 29. Ke2 Rxg1 30. Rxg1 Rd8 31. Rg8+ Ke7 32. Rxd8 Kxd8 33.
Qxb7 Qh3 34. Qb8+ Qc8 35. a4 Qxb8 36. Bxb8 Kc8 37. Ba7 Kd7 38. a5 c6 39. Bb8
cxd5 40. exd5 e4 41. fxe4 Be5 42. a6 Kc8 43. a7 Kb7 44. c4 Ng4 45. c5 dxc5 46.
f3 Nf6 47. Bxe5 1-0

[Event "4NCL Online Division 7"]
[Site "online"]
[Date "2021.01.26"]
[Round "1.94"]
[White "McNee, Molly"]
[Black "Jackson, Peter D"]
[Result "0-1"]
[WhiteElo "1023"]
[BlackElo "1756"]
[PlyCount "54"]
[EventDate "2021.01.26"]
[WhiteTeam "RCSI Team 2"]
[BlackTeam "Dun Laoghaire"]

1. e4 e6 2. Nf3 d5 3. exd5 exd5 4. d4 Nf6 5. Bd3 Bd6 6. Nc3 O-O 7. Bd2 Re8+ 8.
Be3 c5 9. O-O c4 10. Be2 Bg4 11. h3 Bh5 12. g4 Bg6 13. Nh4 Ne4 14. Nxe4 Rxe4
15. Nxg6 hxg6 16. Bf3 Re8 17. Bxd5 Bh2+ 18. Kxh2 Qxd5 19. Qd2 Nc6 20. f4 Rad8
21. Rae1 Nxd4 22. Bxd4 Qxd4 23. Qxd4 Re2+ 24. Rxe2 Rxd4 25. Re8+ Kh7 26. Rfe1
Rd2+ 27. Kg3 Rxc2 0-1

[Event "4NCL Online Division 7"]
[Site "online"]
[Date "2021.01.26"]
[Round "1.101"]
[White "Clayton, N Charles"]
[Black "Ward, George"]
[Result "0-1"]
[WhiteElo "1479"]
[BlackElo "1736"]
[PlyCount "24"]
[EventDate "2021.01.26"]
[WhiteTeam "St Andrews White Cross 2"]
[BlackTeam "MK Phoenix 4"]

1. e4 e5 2. Nc3 Nf6 3. Nf3 Nc6 4. Bc4 Bc5 5. O-O d6 6. d3 Bg4 7. Bg5 h6 8. Be3
Nd4 9. Nh4 Bxd1 10. Raxd1 Ng4 11. Na4 Qxh4 12. c3 Qxh2# 0-1

[Event "4NCL Online Division 7"]
[Site "online"]
[Date "2021.01.26"]
[Round "1.102"]
[White "McCready, Mark"]
[Black "Stamp, Edward"]
[Result "1/2-1/2"]
[WhiteElo "1736"]
[BlackElo "1473"]
[PlyCount "92"]
[EventDate "2021.01.26"]
[WhiteTeam "MK Phoenix 4"]
[BlackTeam "St Andrews White Cross 2"]

1. d4 Nf6 2. Nf3 d5 3. e3 e6 4. Be2 Bd6 5. b3 O-O 6. O-O Nbd7 7. Bb2 a6 8. a4
c5 9. Nbd2 Qc7 10. h3 b6 11. c4 Bb7 12. Rc1 Qb8 13. cxd5 Bxd5 14. Nc4 Bxc4 15.
bxc4 Rd8 16. Qc2 h6 17. Kh1 Qb7 18. Ne5 Qc7 19. f4 Rac8 20. Bf3 cxd4 21. exd4
Nd5 22. Bxd5 exd5 23. Qf5 Nf6 24. cxd5 Qb7 25. Rxc8 Rxc8 26. Rc1 Rxc1+ 27. Bxc1
Nxd5 28. Qe4 Qa8 29. Qf5 Nf6 30. Be3 b5 31. axb5 axb5 32. Nd7 Nxd7 33. Qxd7 Qb8
34. Qc6 b4 35. Qc2 Qc7 36. Qb3 Qc3 37. Qxc3 bxc3 38. Bc1 f6 39. Kg1 g5 40. fxg5
fxg5 41. Kf2 Bf4 42. Bxf4 gxf4 43. Ke2 Kf7 44. Kd3 c2 45. Kxc2 Ke6 46. Kd3 Kd5
1/2-1/2

[Event "4NCL Online Division 7"]
[Site "online"]
[Date "2021.01.26"]
[Round "1.103"]
[White "Donoghue, Steve"]
[Black "McKeon, John"]
[Result "0-1"]
[WhiteElo "1285"]
[BlackElo "1585"]
[PlyCount "86"]
[EventDate "2021.01.26"]
[WhiteTeam "St Andrews White Cross 2"]
[BlackTeam "MK Phoenix 4"]

1. e4 d5 2. exd5 Qxd5 3. Nc3 Qd6 4. d4 c6 5. Bc4 Nf6 6. Nge2 e5 7. O-O exd4 8.
Qxd4 Qxd4 9. Nxd4 Be7 10. Re1 h6 11. Bf4 Nbd7 12. Bd6 Nd5 13. Nxd5 cxd5 14.
Bxd5 Nf6 15. Rxe7+ Kd8 16. Bxf7 Bd7 17. Ne6+ Kc8 18. Nxg7 Rh7 19. Ne6 Nd5 20.
Nc7 Nxc7 21. Bxc7 Kxc7 22. Rae1 Kd6 23. c4 b6 24. Bd5 Rxe7 25. Rxe7 Kxe7 26.
Bxa8 Kd6 27. b4 Be6 28. c5+ bxc5 29. bxc5+ Kxc5 30. a3 a5 31. f4 Bf5 32. Kf2
Kc4 33. Ke3 Kb3 34. Be4 Bd7 35. f5 Kxa3 36. Kd4 Kb4 37. Bc2 Bxf5 38. Bxf5 a4
39. g4 a3 40. h4 a2 41. Ke4 a1=Q 42. g5 Qe1+ 43. Kf4 Qxh4+ 0-1

[Event "4NCL Online Division 7"]
[Site "online"]
[Date "2021.01.26"]
[Round "1.104"]
[White "Phillips, David"]
[Black "Ezra, Raymond"]
[Result "1-0"]
[WhiteElo "1410"]
[BlackElo "1234"]
[PlyCount "99"]
[EventDate "2021.01.26"]
[WhiteTeam "MK Phoenix 4"]
[BlackTeam "St Andrews White Cross 2"]

1. e4 c6 2. d4 d5 3. Nc3 dxe4 4. Nxe4 e5 5. Be3 exd4 6. Qxd4 Qxd4 7. Bxd4 Be7
8. Bxg7 Bf5 9. Bd3 Bxe4 10. Bxe4 Bf6 11. Bxh8 Bxh8 12. c3 Nd7 13. Bxh7 Ngf6 14.
Bf5 O-O-O 15. O-O-O Bg7 16. Nf3 Bh6+ 17. Kb1 Nd5 18. g3 Kc7 19. Rhe1 N5f6 20.
Bc2 Re8 21. Rxe8 Nxe8 22. Re1 Kd8 23. Ne5 Nxe5 24. Rxe5 f6 25. Re2 Nc7 26. f4
Bf8 27. h4 Bh6 28. h5 Nd5 29. Bg6 Ne7 30. Rd2+ Kc7 31. Be8 Nf5 32. Rd3 Nd6 33.
Bg6 Kd7 34. b3 Ke7 35. c4 c5 36. Kc2 b6 37. Re3+ Kd7 38. Bd3 a5 39. Be2 Nf5 40.
Bg4 Kc6 41. Bxf5 b5 42. Re6+ Kc7 43. cxb5 Bg7 44. b6+ Kb8 45. h6 Bxh6 46. Rxf6
Bg7 47. Rf7 Bd4 48. b7 Bf2 49. Be4 Bxg3 50. Rf8+ 1-0

[Event "4NCL Online Division 7"]
[Site "online"]
[Date "2021.01.26"]
[Round "1.111"]
[White "Shepley, Julien M"]
[Black "Voiculescu-Holvad, Stefan"]
[Result "1/2-1/2"]
[WhiteElo "1975"]
[BlackElo "1779"]
[PlyCount "123"]
[EventDate "2021.01.26"]
[WhiteTeam "Guildford Castles 2"]
[BlackTeam "Londinium Legionaries"]

1. e4 c5 2. Nf3 d6 3. Bb5+ Nd7 4. Ba4 Ngf6 5. O-O g6 6. d4 cxd4 7. Qxd4 Bg7 8.
Nc3 O-O 9. Bg5 Nc5 10. e5 Ne6 11. Qd2 dxe5 12. Nxe5 Nxg5 13. Qxg5 Qa5 14. Nxf7
Qxg5 15. Nxg5 h6 16. Bb3+ Kh8 17. Ne6 Bxe6 18. Bxe6 Nh5 19. Nd5 Bxb2 20. Rab1
Ba3 21. Rxb7 Nf4 22. Nxf4 Rxf4 23. Bd5 Rd8 24. c4 a5 25. g3 Rd4 26. Rfb1 Rd2
27. Rb8 Rxb8 28. Rxb8+ Kg7 29. Rb5 Rxa2 30. Rxa5 Ra1+ 31. Kg2 Bb2 32. Rxa1 Bxa1
33. c5 Be5 34. f4 Bc7 35. Kf3 Kf6 36. Ke4 e5 37. fxe5+ Bxe5 38. Bc4 Bb8 39. Kd5
h5 40. Kc6 h4 41. gxh4 Bxh2 42. Kd7 Kf5 43. Be2 Kf6 44. c6 Bg3 45. c7 Bxc7 46.
Kxc7 Kg7 47. Kd7 Kh7 48. Ke6 Kg7 49. Ke5 Kf7 50. Kf4 Kf6 51. Bd3 Kg7 52. Kg5
Kh8 53. Kf6 Kg8 54. Bc4+ Kh7 55. Kg5 Kg7 56. Bd3 Kh8 57. Kf6 Kg8 58. Be4 Kh8
59. Bc2 Kg8 60. Bb1 Kh8 61. Kf7 g5 62. hxg5 1/2-1/2

[Event "4NCL Online Division 7"]
[Site "online"]
[Date "2021.01.26"]
[Round "1.112"]
[White "Mourant, Malcolm"]
[Black "Mellor, Jessica"]
[Result "0-1"]
[WhiteElo "1639"]
[BlackElo "1809"]
[PlyCount "114"]
[EventDate "2021.01.26"]
[WhiteTeam "Londinium Legionaries"]
[BlackTeam "Guildford Castles 2"]

1. e4 e5 2. Nf3 Nc6 3. Bc4 Nf6 4. Nc3 Bc5 5. O-O d6 6. Na4 Bb6 7. Nxb6 axb6 8.
c3 Be6 9. Bxe6 fxe6 10. Re1 O-O 11. d4 exd4 12. cxd4 Qe8 13. Bd2 Qh5 14. h3 d5
15. exd5 exd5 16. Bc3 Rae8 17. Qd3 Ne4 18. Re2 Rf7 19. Rf1 Ref8 20. Re3 Rf6 21.
Be1 Qf7 22. Qe2 h5 23. Rxe4 dxe4 24. Qxe4 Rf4 25. Qd3 Qd5 26. Bd2 Rxf3 27. gxf3
Rxf3 28. Qg6 Rxh3 29. Qg2 Qf5 30. Bh6 g6 31. d5 Nd4 32. f4 Rg3 33. Qxg3 Ne2+
34. Kf2 Nxg3 35. Kxg3 Qd3+ 36. Kf2 Qxd5 37. Re1 Qd4+ 38. Kf3 Qxb2 39. Re8+ Kh7
40. Bg5 Qc3+ 41. Kf2 Qc5+ 42. Kg3 b5 43. Re7+ Kg8 44. Re8+ Kf7 45. Rb8 b6 46.
Rd8 b4 47. Kh4 Qc2 48. Rd7+ Ke6 49. Re7+ Kd6 50. Re3 Qh2+ 51. Rh3 Qf2+ 52. Rg3
Qxa2 53. Rd3+ Kc6 54. Bf6 Qh2+ 55. Kg5 Qg2+ 56. Kh6 Kb5 57. Rd5+ Qxd5 0-1

[Event "4NCL Online Division 7"]
[Site "online"]
[Date "2021.01.26"]
[Round "1.113"]
[White "Driver, Nicholas P"]
[Black "Welch, Stephen T"]
[Result "0-1"]
[WhiteElo "1750"]
[BlackElo "1434"]
[PlyCount "75"]
[EventDate "2021.01.26"]
[WhiteTeam "Guildford Castles 2"]
[BlackTeam "Londinium Legionaries"]

1. e4 d5 2. exd5 Qxd5 3. Nc3 Qd8 4. d4 Nf6 5. Nf3 Bg4 6. Be2 e6 7. O-O Be7 8.
h3 Bh5 9. Bf4 O-O 10. Qd2 Nbd7 11. Rad1 c6 12. Rfe1 Bb4 13. a3 Bxc3 14. bxc3
Ne4 15. Qe3 Ndf6 16. g4 Bg6 17. Ne5 Nd5 18. Qf3 Nexc3 19. Nxg6 fxg6 20. Rd3
Rxf4 21. Qg3 Nxe2+ 22. Rxe2 Rf7 23. Re5 Qf8 24. c4 Nf4 25. Rb3 b6 26. h4 h5 27.
gxh5 gxh5 28. Kh1 Rf5 29. Rxf5 Qxf5 30. Rf3 Qb1+ 31. Kh2 Ne2 32. Qg5 Nxd4 33.
Rg3 Nf5 34. Rg1 Qe4 35. f4 Rf8 36. Rg2 Qxc4 37. Qxh5 Qxf4+ 38. Kg1 0-1

[Event "4NCL Online Division 7"]
[Site "online"]
[Date "2021.01.26"]
[Round "1.114"]
[White "Clerc, Nikolai"]
[Black "Rapacci, Pascoe"]
[Result "0-1"]
[WhiteElo "1200"]
[BlackElo "1760"]
[PlyCount "100"]
[EventDate "2021.01.26"]
[WhiteTeam "Londinium Legionaries"]
[BlackTeam "Guildford Castles 2"]

1. d4 Nf6 2. Bf4 d6 3. Nc3 Bf5 4. Qd2 e6 5. Nf3 Be7 6. e3 O-O 7. Bd3 Bxd3 8.
Qxd3 Nbd7 9. O-O Nh5 10. Ne2 Nxf4 11. Nxf4 c5 12. c3 d5 13. e4 dxe4 14. Qxe4
cxd4 15. Qxd4 Qc7 16. Rfe1 Nf6 17. Rad1 Rfd8 18. Qe3 Bc5 19. Nd4 Ng4 20. Qe4
Nf6 21. Qe3 Bd6 22. g3 e5 23. Nb5 exf4 24. Nxc7 fxe3 25. Nxa8 exf2+ 26. Kxf2
Bc5+ 27. Kf1 Rxa8 28. Rd3 Kf8 29. b3 Re8 30. Rxe8+ Kxe8 31. c4 Ng4 32. h3 Ne3+
33. Ke2 Nf5 34. g4 Nd4+ 35. Kd1 Ne6 36. Kc2 Ke7 37. Rd5 b6 38. Re5 g6 39. Kd3
Kf6 40. Re1 Nf4+ 41. Ke4 Nxh3 42. a4 Nf2+ 43. Kf3 Nd3 44. Rf1 Ne5+ 45. Ke4+ Ke6
46. Re1 Bd6 47. Re2 Nxg4 48. Kf3+ Ne5+ 49. Kf4 f6 50. Re3 Kf7 0-1